| 000 | 00733nam a2200253 i 4500 | ||
|---|---|---|---|
| 001 | bg | ||
| 100 | 1 | _aPIETROWSKI, Stanisław | |
| 245 | 1 | 0 |
_aSiluminy / _cStanisław Pietrowski. |
| 260 |
_aŁódź : _bWydaw. PŁ, _c2001. |
||
| 300 |
_a320 s. : _bil. ; _c24 cm. |
||
| 490 | 1 | _aPodręczniki Akademickie / Politechnika Łódzka | |
| 500 | _aNa grzbiecie nr kolejny wydawnictw PŁ: 1013. | ||
| 504 | _aBibliogr. | ||
| 650 | 9 | _aSilumin | |
| 655 | _aPodręczniki akademickie | ||
| 830 | 0 | _aPodręczniki Akademickie (Politechnika Łódzka) | |
| 020 | _a8372830290 | ||
| 040 | _cBPK | ||
| 041 | 0 | _apl | |
| 080 | _a669.017/.018(075.8) | ||
| 920 | _a83-7283-029-0 | ||
| 942 | _cKS | ||
| 008 | s pl f |000 0 pol | ||
| 999 |
_c42118 _d42118 |
||
| 856 |
_uhttp://koha.tu.koszalin.pl/cgi-bin/koha/opac-detail.pl?biblionumber=42118 _yKatalog online BPK |
||